000 00466nam a2200133 a 4500
008 120416s1968 ||||||||||||||||| || u
050 _aQA 276.6 Stu
100 _aStuart, Alan
245 1 0 _aBasic ideas of scientific sampling
260 _aLondon
_bCharles Criffin
_c1968
300 _a99p. : ill.
350 _a0.00
995 _D0.00
_FCBU-MAIN LIBRARY (Kitwe)
_H1
_I1.10
_M1
_UDAMAGED
_ZMain Library Open Access Collection
999 _c35569
_d35569